Normal view
MARC view
- الاردن - تاريخ -جلالة الملك عبدالله الناثي ابن الحسين - خطابات
Entry Topical Term
001 - CONTROL NUMBER
- control field: 56034
003 - CONTROL NUMBER IDENTIFIER
- control field: JO-AjAnu
005 - DATE AND TIME OF LATEST TRANSACTION
- control field: 20230606083203.0
008 - FIXED-LENGTH DATA ELEMENTS
- fixed length control field: 230606|| aca||aabn | a|a d
040 ## - CATALOGING SOURCE
- Original cataloging agency: JO-AjAnu
- Transcribing agency: JO-AjAnu
150 ## - HEADING--TOPICAL TERM
- Topical term or geographic name entry element: الاردن - تاريخ -جلالة الملك عبدالله الناثي ابن الحسين - خطابات
670 ## - SOURCE DATA FOUND
- Source citation: Work cat.: (JO-AjAnu)28597: عبدالله بن الحسين الثاني، ملك الأردن، 1999؛ اشراف الديوان الملكي الهاشمي؛ جمع وتحرير منتهى قبلان العبداللات؛ تنسيق جنان زكي أبو زياد وآخرون, author 56033, الخطاب السامي لصاحب الجلالة الهاشمية الملك عبدالله الثاني ابن الحسبن المعظم، مج 15